Child Rights and Protection/ (Record no. 212792)

MARC details
000 -LEADER
fixed length control field 00597nam a2200193 4500
005 - DATE AND TIME OF LATEST TRANSACTION
control field 20250801142806.0
010 ## - LCCN (DPL NO)
LC control number ENG-146274
020 ## - INTERNATIONAL STANDARD BOOK NUMBER
International Standard Book Number 9789361633386
Terms of availability 250.00
035 ## - SYSTEM CONTROL NUMBER
System control number EN-129806
037 ## - SOURCE OF ACQUISITION
Source of stock number/acquisition DBAD
082 ## - DEWEY DECIMAL CLASSIFICATION NUMBER
Classification number 344.540327
Edition number 1
100 ## - MAIN ENTRY--PERSONAL NAME
Personal name Santhakumari, K.
245 ## - TITLE STATEMENT
Title Child Rights and Protection/
Statement of responsibility, etc K. Santhakumari
250 ## - EDITION STATEMENT
Edition statement 1
260 ## - PUBLICATION, DISTRIBUTION, ETC. (IMPRINT)
Place of publication, distribution, etc Tamil Nadu
Name of publisher, distributor, etc Shanlax Publications
Date of publication, distribution, etc 2024
270 ## - ADDRESS
Address 61,66 T.P.K. Main Road Vasantha Nagar.
City Tamil Nadu
Postal code 625003
Electronic mail address shanlaxpublications.com
300 ## - PHYSICAL DESCRIPTION
Extent 127p.
Dimensions 22cm(pb)
942 ## - ADDED ENTRY ELEMENTS (KOHA)
Source of classification or shelving scheme Dewey Decimal Classification
Item type English Books
Classification part 344.540327
Call number suffix SAN
Holdings
Withdrawn status Lost status Not for loan Collection code Home library Current library Date acquired Source of acquisition Cost, normal purchase price Full call number Barcode Copy number Cost, replacement price Koha item type
      Non-fiction Sarojini Nagar Sarojini Nagar 01/08/2025 Delivery of Books Act Division 250.00 344.540327 SAN EN-129806 1 250.00 English Books

© Delhi Public Library
Hit Counter
free hit counter